Kompetentní manažéri - záruka úspechu firmy na trhu konkurencie diplomová práca

Enregistré dans:
Détails bibliographiques
Auteur principal: Ješko, Štefan
Collectivité auteur: Obchodná fakulta EU. Katedra tovaroznalectva a kvality tovaru
Autres auteurs: Mlákay, Jozef
Format: Livre
Langue:slovaque
Publié: Bratislava 2010
Tags: Ajouter un tag
Pas de tags, Soyez le premier à ajouter un tag!

MARC

LEADER 00000nam$a2200000$$$4500
001 0114873
005 20240318122420.9
041 0 |a slo 
044 |a SK 
245 1 0 |a Kompetentní manažéri - záruka úspechu firmy na trhu konkurencie  |b diplomová práca  |c Štefan Ješko ; škol. Jozef Mlákay 
264 1 |a Bratislava  |c 2010 
300 |a 61 s. 
100 1 |a Ješko, Štefan 
700 1 |a Mlákay, Jozef 
710 2 |a Obchodná fakulta EU. Katedra tovaroznalectva a kvality tovaru